000 00655nam a2200205Ia 4500
005 20230605104532.0
008 131103s9999 xx 000 0 und d
040 _aLoreto College
041 _aEnglish
082 _a940.18
_bRUN
100 _aRunciman,Steven
245 4 _aThe Sicilian Vespers
_b history of the Mediterranean World In The Later Thirteenth Century
_cSteven Runciman
260 _aHarmondsworth
_bPenguin Books
_c1958 (1961 printing)
300 _a384 p.
_b ill.,maps
504 _aIncludes bibliographical references and index
650 _aMedieval History
651 _aEurope - Medieval History
850 _aLCLIB
942 _cBK
999 _c3957
_d54436